00809cam a22001691 4500082002000000100002600020245018200046260003400228300005200262500004900314526003700363650005000400700003800450942001200488999001900500952012000519 a355.009244bTAY1 aTaylor, Frank,94123914aThe wars of Marlborough, 1702-1709,cby Frank Taylor ... ed. by G. Winifred Taylor ... with an introduction by the Hon. J.W. Fortescue ... Maps comp. and drawn by H.W. Cribb ... aOxford,bB. Blackwell,c1921. a2 v.b10 fold. maps (incl. fronts.)c22 1/2 cm. a"Memoir of Frank Taylor" : v. 2, p. 505-513. a0b0c0d355_009244000000000_TAY 0aSpanish Succession, War of, 1701-1714.9493311 aTaylor, Gertrude Winifred,949332 2ddccBK c552112d552112 00102ddc4070aMCEbMCEcArchive Sectiond2015-01-07l0o355.009244 TAYpMCE-ECW/76.2r2015-01-07w2015-01-07yBK